| 000 | 00618nam a22002177a 4500 | ||
|---|---|---|---|
| 999 |
_c3786 _d3786 |
||
| 003 | AR-CdUCM | ||
| 008 | 190307b ||||| |||| 00| 0 spa d | ||
| 040 |
_aMUNICIPALIDAD PROVINCIAL DEL CUSCO _cBIBLIOTECA MUNICIPAL DEL CUSCO |
||
| 041 | _heng | ||
| 082 |
_a869.508 / _bW44 |
||
| 100 |
_aWells, Herbert George _91101 |
||
| 245 | _aLa guerra de los mundos / | ||
| 260 |
_aLima : _bPopulibros Peruanos, |
||
| 300 |
_a240 páginas ; _c17 cm. |
||
| 440 |
_a7a. Serie _911826 |
||
| 650 |
_aNovela Inglesa _9365 |
||
| 650 |
_aCiencia Ficción _912221 |
||
| 650 |
_aSiglo XX _98 |
||
| 942 |
_2ddc _cLIBROS |
||
| 945 | _admma | ||